Výstavba pasienkových prevádzok a technické zariadenia na pasienkoch

Bibliographic Details
Main Author: Šúr, Dušan (Author)
Format: Article
Language:Slovak
PhysicalDescription:Schémy 9.
Subjects:

MARC

LEADER 00000nab a2200000 a 4500
001 vtls000134707
003 SK-MaSNL
005 20260303223345.0
008 111031c1981 xo 0 slo
015 |a SNBRA19rr/mm-uuuuu 
035 |a CL0144813 
040 |a SNKBUCL  |b slo  |c SNKBUCL  |e AACR2 
041 0 |a slo 
044 |a xo  |c SK 
080 |a 633.2/.3  |2 1981 
080 |a 631.2  |2 1981 
100 1 |a Šúr, Dušan  |4 aut  |9 354850 
245 1 0 |a Výstavba pasienkových prevádzok a technické zariadenia na pasienkoch  |c Dušan Šúr 
300 |b Schémy 9. 
650 0 7 |a pasienky  |2 snkbucl  |9 15081 
650 0 7 |a hospodárstvo pasienkové  |2 snkbucl  |9 958997 
655 7 |a články zo zborníkov  |2 snkbucl  |9 166140 
773 0 |t Intenzifikácia výroby a racionalizácia využívania objemových krmív v horských oblastiach  |d Bratislava : ÚVSH, 1981  |g S. 51-72 
850 |a Slovenská národná knižnica v Martine  |a MTA001 
852 |a SNK  |b KIS3GCP 
958 |a RK 
992 |a RZB 
999 |c 2247409  |d 2249339